000 00946nam a22002657a 4500
999 _c166325
_d166325
003 dpl
005 20190719154131.0
008 190715b ||||| |||| 00| 0 eng d
010 _aA-384475
020 _c40.00
035 _aA-384475
037 _bBPPD/PUB
040 _aDPL
_bHN
_c0
082 _a821
_bगौतम
100 _aगौतम
_944896
245 _aपितामह भीष्म
_cवीरेन्द्र सिंह गौतम
_hHN
246 _aPITAMAHA BHEESHAM
_bवीरेन्द्र सिंह गौतम
260 _aइलाहाबाद
_bसंगम प्रकाशन
_c1987
270 _bइलाहाबाद
_a138, विवेकानन्द मार्ग इलाहाबाद-3
300 _a168 पृ
_c21सेमी (सजिल्द)
650 _91191
650 _978586
650 _978587
942 _2ddc
_cHN
_h821
_mगौतम